The Bible Containing the Old and New testament (Record no. 6917)

MARC details
000 -LEADER
fixed length control field 00671nam a22001577a 4500
003 - CONTROL NUMBER IDENTIFIER
control field GBCCL
005 - DATE AND TIME OF LATEST TRANSACTION
control field 20251127123145.0
008 - FIXED-LENGTH DATA ELEMENTS--GENERAL INFORMATION
fixed length control field 180703b ||||| |||| 00| 0 eng d
040 ## - CATALOGING SOURCE
Transcribing agency GBC
082 ## - DEWEY DECIMAL CLASSIFICATION NUMBER
Classification number 220.52042
Item number BIB
245 ## - TITLE STATEMENT
Title The Bible Containing the Old and New testament
Remainder of title Revised Standard Version :
Statement of responsibility, etc. translated from the original languages being the version set forth AD 1611, revised AD 1881-1885 and AD 1901, compared with the most ancient authorities and revised AD 1952, second edition of the New Testament AD 1971
260 ## - PUBLICATION, DISTRIBUTION, ETC.
Place of publication, distribution, etc. New York:
Name of publisher, distributor, etc. American Bible Society,
Date of publication, distribution, etc. 1971.
300 ## - PHYSICAL DESCRIPTION
Extent viii + 1087p.
Dimensions 18cm
650 ## - SUBJECT ADDED ENTRY--TOPICAL TERM
Topical term or geographic name entry element Bible
Form subdivision English
9 (RLIN) 12281
942 ## - ADDED ENTRY ELEMENTS (KOHA)
Source of classification or shelving scheme Dewey Decimal Classification
Koha item type Reference Books
Holdings
Withdrawn status Lost status Source of classification or shelving scheme Damaged status Not for loan Home library Current Library Shelving location Date acquired Total checkouts Full call number Barcode Date last seen Price effective from Koha item type
    Dewey Decimal Classification     GRACE BIBLE COLLEGE GRACE BIBLE COLLEGE Bible 2018-07-03   220.52042 BIB 000415 2025-05-01 2018-07-03 Reference Books
© Grace Bible College Library 2025